00710nam a22001937a 4500999001900000010001500019020002800034035001400062082001900076245008100095260003000176270006100206300002100267500003600288700001400324700001600338942003200354952013000386 c167294d167294 aENG-126321 a978-93-86552-89-1c1095 aEN-109853 a362.280954792  aEssays on Suicide and Self-Immolation/cedited by A.M. Shah [and] Lancy Lobo aDelhibPrimus Booksc2018 aVirat Mukherjee Nagar Commercial Complex,bDelhie110009 a211p.billc24cm aIncludes Index and Bibliography aShah,A.M. aLobo, Lancy 2ddccENh362.280954792mESS 001040708NFICaAVbAVd2019-08-27eDBAD/PUBg1095.00l0o362.280954792 ESSpEN-109853r2019-08-27 00:00:00t1v1095.00yEN